LIBRARY & INFORMATION CENTRE, KCAET, TAVANUR

ONLINE PUBLIC ACCESS CATALOGUE (OPAC)

Indyayude athmav / (Record no. 6621)

MARC details
000 -LEADER
fixed length control field 00441cam a2200181ua 4500
041 ## - LANGUAGE CODE
Language code of text/sound track or separate title mal
082 ## - DEWEY DECIMAL CLASSIFICATION NUMBER
Classification number 954
Item number DAM/IN
100 ## - MAIN ENTRY--AUTHOR NAME
Personal name Damodaran, K.
245 ## - TITLE STATEMENT
Title Indyayude athmav /
250 ## - EDITION STATEMENT
Edition statement 1 /
260 ## - PUBLICATION, DISTRIBUTION, ETC. (IMPRINT)
Place of publication Kottayam :
Name of publisher Sahitya Pravarthaka Co-operative Society ,
Year of publication 1969.
300 ## - PHYSICAL DESCRIPTION
Number of Pages 350 ; .
942 ## - ADDED ENTRY ELEMENTS (KOHA)
Koha item type Books
Holdings
Withdrawn status Lost status Damaged status Home library Current library Date acquired Full call number Accession Number Koha item type
      KAUAET KAUAET 07/04/2012 954 12831 Books
free website counter